| 000 | 00572nam a2200229Ia 4500 | ||
|---|---|---|---|
| 008 | 170203s9999 xx 000 0 und d | ||
| 020 | _a983261144x | ||
| 050 | _a0 30 | ||
| 050 | _bS851g | ||
| 100 | _aStewart, Kathy. | ||
| 245 | _aScience / | ||
| 245 | _cKathy Stewart. | ||
| 260 | _aMalaysia : | ||
| 260 | _bEarly Learner Publications Sdn. Bhd, | ||
| 300 | _a48 pages : | ||
| 300 | _billustrations ; | ||
| 300 | _c29 cm. | ||
| 440 | _aGet to know (Early Learner's). | ||
| 650 | _aScience -- | ||
| 650 | _aScience. | ||
| 650 | _xJuvenile literature. | ||
| 999 |
_c305671 _d305671 |
||